Exploitasilah saja; (Record no. 87062)

MARC details
000 -LEADER
fixed length control field 00532cam a22001931 4500
001 - CONTROL NUMBER
control field sa 68016392
003 - CONTROL NUMBER IDENTIFIER
control field DLC
005 - DATE AND TIME OF LATEST TRANSACTION
control field 20260227112654.0
008 - FIXED-LENGTH DATA ELEMENTS--GENERAL INFORMATION
fixed length control field 721122s1965 xx 000 0 ind
010 ## - LIBRARY OF CONGRESS CONTROL NUMBER
LC control number sa 68016392
035 ## - SYSTEM CONTROL NUMBER
System control number (OCoLC)500402
040 ## - CATALOGING SOURCE
Original cataloging agency DLC
Transcribing agency OAU
Modifying agency DLC
042 ## - AUTHENTICATION CODE
Authentication code premarc
050 00 - LIBRARY OF CONGRESS CALL NUMBER
Classification number DS644.1.P3
Item number P3
100 1# - MAIN ENTRY--PERSONAL NAME
Personal name Panoedjoe.
245 10 - TITLE STATEMENT
Title Exploitasilah saja;
Remainder of title amanat dan amalan.
260 ## - PUBLICATION, DISTRIBUTION, ETC.
Place of publication, distribution, etc. [Padang]
Name of publisher, distributor, etc. Staf Penguasa Pelaksana Dwikora, Daerah Sumatera Barat
Date of publication, distribution, etc. [1965?]
300 ## - PHYSICAL DESCRIPTION
Extent 64 p.
Other physical details port.
Dimensions 24 cm.

No items available.

Powered by Koha